[Event "66th ch-GEO"]
[Site "Tbilisi GEO"]
[Date "2007.03.16"]
[Round "3"]
[White "Gelazonia,P"]
[Black "Kacheishvili,G"]
[Result "0-1"]
[WhiteElo "2268"]
[BlackElo "2587"]

1.e4 c5 2.Nf3 d6 3.Bb5+ Bd7 4.Bxd7+ Qxd7 5.O-O Nf6 6.Re1 Nc6 7.c4 g6 8.d4 cxd4
9.Nxd4 Bg7 10.Nc3 O-O 11.Nc2 a6 12.Bg5 Rab8 13.Nd5 b5 14.c5 Rbd8 15.Bxf6 exf6
16.Qf3 dxc5 17.Nxf6+ Bxf6 18.Qxf6 Rfe8 19.f3 Ne5 20.Ne3 Re6 21.Qh4 Nd3 22.Rad1 Qd4
23.Kf1 Rd7 24.Re2 c4 25.g4 Rf6 26.Qg3 Kg7 27.h4 Qd6 28.Qh3 Qe6 29.h5 Nf4
30.h6+ Kf8 31.Qh2 Rxd1+ 32.Nxd1 Nxe2 33.Kxe2 Qd6 34.Qxd6+ Rxd6 35.g5 f6 36.f4 fxg5
37.fxg5 Ke7 38.Ne3 Rd3 39.b3 Rxe3+ 40.Kxe3 cxb3 41.axb3 a5  0-1

[Event "Bundesliga 2006-7"]
[Site "Hamburg GER"]
[Date "2007.03.17"]
[Round "12"]
[White "Degraeve,JM"]
[Black "Areshchenko,A"]
[Result "1-0"]
[WhiteElo "2548"]
[BlackElo "2644"]

1.e4 c5 2.Nf3 d6 3.Bb5+ Bd7 4.Bxd7+ Qxd7 5.O-O Nf6 6.Re1 Nc6 7.c3 e6 8.d4 cxd4
9.cxd4 d5 10.e5 Ne4 11.Nbd2 Nxd2 12.Bxd2 Be7 13.Rc1 O-O 14.Rc3 Rac8 15.a3 Nb8
16.Rd3 Qb5 17.Rb3 Qc6 18.Ng5 Bxg5 19.Bxg5 Nd7 20.Qg4 Kh8 21.Qh5 f6 22.Rc3 Qa4
23.b3 Qa5 24.b4 Rxc3 25.bxa5 fxg5 26.Qxg5 Rf7 27.Rc1 Rxa3 28.Qe7  1-0

[Event "ch-RUS U20 Girls"]
[Site "Saint Petersburg RUS"]
[Date "2007.03.17"]
[Round "7"]
[White "Karpova,Ly"]
[Black "Airapetian,Ta"]
[Result "0-1"]
[WhiteElo "2280"]
[BlackElo "2245"]

1.e4 c5 2.Nf3 d6 3.Bb5+ Bd7 4.Bxd7+ Qxd7 5.O-O Nc6 6.c3 Nf6 7.d4 cxd4 8.cxd4 d5
9.e5 Ne4 10.Be3 f6 11.Nh4 e6 12.f3 Ng5 13.Nc3 O-O-O 14.f4 Ne4 15.Nf3 f5 16.Qd3 Kb8
17.a3 h6 18.b4 g5 19.b5 Na5 20.Nd2 Rc8 21.Ncxe4 dxe4 22.Qe2 gxf4 23.Rxf4 Be7
24.a4 Bg5 25.Rf2 Rc3 26.Bxg5 hxg5 27.Rd1 Qxd4 28.Nb3 Qxe5  0-1

[Event "Bundesliga 2006-7"]
[Site "Solingen GER"]
[Date "2007.03.17"]
[Round "12"]
[White "Tomczak,Rai"]
[Black "Hoffmann,Mi1"]
[Result "0-1"]
[WhiteElo "2323"]
[BlackElo "2478"]

1.e4 c5 2.Nf3 d6 3.Bb5+ Bd7 4.Bxd7+ Qxd7 5.O-O Nf6 6.Re1 Nc6 7.Nc3 e6 8.d4 cxd4
9.Nxd4 Be7 10.Bg5 O-O 11.Nf3 Rfd8 12.Qd2 a6 13.h3 Qc7 14.Qe2 b5 15.e5 dxe5
16.Nxe5 Nd4 17.Qd3 b4 18.Na4 Nxc2 19.Qc4 Qxc4 20.Nxc4 Nxa1 21.Rxa1 Rd4 22.Rc1 Rad8
23.Rc2 Nd5 24.Bxe7 Nxe7 25.g3 h5 26.Ne5 Rc8 27.Re2 h4 28.gxh4 Rxh4 29.Kg2 Nd5
30.Rd2 g5 31.Kg3 Nf4 32.Nb6 f5  0-1

[Event "TCh-ARM"]
[Site "Yerevan ARM"]
[Date "2007.03.17"]
[Round "4"]
[White "Pogosian,S"]
[Black "Petrosian,TL"]
[Result "0-1"]
[WhiteElo "2263"]
[BlackElo "2592"]

1.e4 c5 2.Nf3 d6 3.Bb5+ Nc6 4.O-O Bd7 5.Re1 Nf6 6.c3 a6 7.Bf1 e5 8.d4 h6
9.Nbd2 b5 10.dxe5 dxe5 11.Qc2 Be7 12.Be2 O-O 13.Nf1 Be6 14.Ne3 Qc7 15.Nf5 Bxf5
16.exf5 e4 17.Nd2 e3 18.fxe3 Bd6 19.Nf1 Rae8 20.Bf3 Ne5 21.e4 c4 22.Re2 Nd3
23.g4 Qc6 24.Ng3 Bxg3 25.hxg3 Nxe4 26.Kh2 Re7 27.f6 Re6 28.fxg7 Rfe8 29.Bf4 Nxf4
30.Rxe4 Rxe4 31.Bxe4 Rxe4 32.gxf4 Qe6 33.Kg3 Re2 34.Qc1 Qe4 35.Qh1 Re3+ 36.Kh4 Qxf4
37.Qa8+ Kxg7  0-1

[Event "Bundesliga 2006-7"]
[Site "Hamburg GER"]
[Date "2007.03.18"]
[Round "13"]
[White "Grund,H"]
[Black "Heinemann,T"]
[Result "0-1"]
[WhiteElo "2432"]
[BlackElo "2453"]

1.e4 c5 2.Nf3 d6 3.Bb5+ Nd7 4.d4 Nf6 5.Nc3 a6 6.Bxd7+ Nxd7 7.Be3 cxd4 8.Qxd4 e6
9.O-O-O Qa5 10.Kb1 Rb8 11.Rhe1 f6 12.Qc4 Kf7 13.Nd4 Ne5 14.Qb3 Qc7 15.f4 Nc4
16.f5 b5 17.fxe6+ Bxe6 18.Nxe6 Kxe6 19.a4 bxa4 20.Qxa4 Nxb2 21.Qa2+ Kd7 22.Qf7+ Be7
23.Kc1 Qxc3 24.Rxd6+ Kxd6 25.Qd5+ Kc7 26.Bf4+ Kc8 27.Qf5+ Kd8 28.Re3 Qc5
29.Qh3  0-1

[Event "Open"]
[Site "Zagreb CRO"]
[Date "2007.03.18"]
[Round "2"]
[White "Marinkovic,St"]
[Black "Lalic,B"]
[Result "0-1"]
[WhiteElo "2185"]
[BlackElo "2522"]

1.e4 c5 2.Nf3 d6 3.Bb5+ Nd7 4.c4 Nf6 5.Nc3 g6 6.d4 cxd4 7.Nxd4 Bg7 8.O-O O-O
9.Bxd7 Bxd7 10.h3 a6 11.Re1 Rc8 12.Qd3 Qc7 13.b3 b5 14.Nd5 bxc4 15.Nxe7+ Kh8
16.Qf3 Ng8 17.Nxg8 Kxg8 18.Be3 Rfe8 19.Rac1 Qa5 20.bxc4 Qxa2 21.Rc2 Qa3 22.Bc1 Qa4
23.Nb3 Rxc4 24.Rxc4 Qxc4  0-1

[Event "Open"]
[Site "Zagreb CRO"]
[Date "2007.03.22"]
[Round "6"]
[White "Knezevic,Z SLO"]
[Black "Klasan,V"]
[Result "1-0"]
[WhiteElo "2100"]
[BlackElo "2276"]

1.e4 c5 2.Nf3 d6 3.Bb5+ Bd7 4.Bxd7+ Qxd7 5.O-O Nc6 6.c3 Nf6 7.Re1 e6 8.d4 cxd4
9.cxd4 d5 10.e5 Ne4 11.Nbd2 Nxd2 12.Bxd2 Be7 13.Rc1 O-O 14.Rc3 Rac8 15.a3 b6
16.Rd3 Qb7 17.Ng5 Bxg5 18.Bxg5 h6 19.Bxh6 gxh6 20.Qh5 Ne7 21.Qxh6 Ng6 22.Rg3 Qe7
23.h4 Rc4 24.Rg4 Rfc8 25.h5 Qf8 26.Qg5 Qd8 27.Qxd8+ Rxd8 28.hxg6 fxg6 29.Rxg6+ Kf7
30.Rf6+ Ke7 31.Rd1 Rc2 32.b4 Rdc8 33.Rd3 R2c3 34.Rxc3 Rxc3 35.Rf3 Rc1+ 36.Kh2 Rd1
37.Rf4 Rd3 38.g4 Rxa3 39.g5 a5 40.bxa5 bxa5 41.g6 Rb3 42.Rf7+ Ke8 43.Ra7 Kf8
44.Rxa5 Rf3 45.Kg2 Rf4 46.Kg3 Rxd4 47.Ra6 Ke7 48.Ra7+ Kf8 49.Rf7+ Kg8 50.Re7 Rd1
51.Rxe6 d4 52.Kg4 d3 53.Rd6 d2 54.Kf5 Kg7 55.Rd7+ Kf8 56.f4  1-0

[Event "Open"]
[Site "Zagreb CRO"]
[Date "2007.03.22"]
[Round "6"]
[White "Plenkovic,Z"]
[Black "Jelecevic,I"]
[Result "1-0"]
[WhiteElo "2366"]
[BlackElo "2161"]

1.e4 c5 2.Nf3 d6 3.Bb5+ Bd7 4.Bxd7+ Qxd7 5.c4 Nc6 6.O-O Nf6 7.Nc3 e6 8.d4 cxd4
9.Nxd4 Be7 10.Nc2 O-O 11.Ne3 Rfd8 12.b3 a6 13.a4 Qc7 14.Ba3 Rd7 15.Qc2 Qb6
16.Rab1 Nb4 17.Bxb4 Qxb4 18.Rfd1 Rc8 19.Rd2 Qc5 20.Rbd1 Bf8 21.h3 Rdc7 22.Qd3 Qe5
23.Ng4 Nxg4 24.hxg4 Qf4 25.Qe2 Rc5 26.g3 Qf6 27.Rd3 Qg6 28.f4 h5 29.g5 f6
30.gxf6 Qxf6 31.Kg2 h4 32.Qg4 hxg3 33.Rxg3 R5c7 34.f5 d5 35.fxe6 dxc4 36.e7 Bxe7
37.Nd5 Qb2+ 38.Kh1 Qe5 39.Nxc7 Rxc7 40.Rd5 Qa1+ 41.Rg1 Qf6 42.Rf5 Qd4 43.Rh5 Qf6
44.Qh3 c3 45.Rh8+ Kf7 46.Qh5+ g6 47.Qd5+  1-0

[Event "Open"]
[Site "Zagreb CRO"]
[Date "2007.03.23"]
[Round "7"]
[White "Knezevic,Z SLO"]
[Black "Filipovic,Ma"]
[Result "1/2-1/2"]
[WhiteElo "2100"]
[BlackElo "2287"]

1.e4 c5 2.Nf3 d6 3.Bb5+ Nd7 4.O-O Nf6 5.Re1 e5 6.c3 a6 7.Bxd7+ Bxd7 8.d4 Qc7
9.Bg5 Be7 10.dxe5 dxe5 11.c4 O-O 12.Nc3 Be6 13.Bxf6 Bxf6 14.Nd5 Bxd5 15.cxd5 c4
16.a4 Be7 17.Qc2 Rfc8 18.Rec1 g6 19.Qc3 Bd6 20.a5 b5 21.axb6 Qxb6 22.Ra4 Rab8
23.Rxc4 Rxc4 24.Qxc4 Qxb2 25.h4 a5 26.Qc6 Qb6 27.Qd7 Rd8 28.Rc8 Rxc8 29.Qxc8+ Kg7
30.Qd7 h6 31.h5 g5 32.Kh2 Qb4 33.Qf5 Qb8 34.Qd7 Qb4 35.Qf5 Qb8  1/2-1/2

[Event "Open"]
[Site "Zagreb CRO"]
[Date "2007.03.23"]
[Round "7"]
[White "Kristovic,M"]
[Black "Mihalinec,D"]
[Result "0-1"]
[WhiteElo "2296"]
[BlackElo "2215"]

1.e4 c5 2.Nf3 d6 3.Bb5+ Bd7 4.a4 Nc6 5.d4 cxd4 6.Nxd4 Nf6 7.Nc3 g6 8.Bg5 Bg7
9.Nxc6 bxc6 10.Bd3 O-O 11.Qd2 Rb8 12.Rb1 Qb6 13.O-O Rfe8 14.b4 Ng4 15.h3 Ne5
16.Be3 Qc7 17.Be2 Be6 18.Bh6 Bh8 19.Rfe1 Nc4 20.Bxc4 Bxc4 21.Nd1 a5 22.c3 Qa7
23.Ne3 Be6 24.b5 cxb5 25.axb5 Rec8 26.Rec1 Bc4 27.Nf5 Rxb5 28.Rxb5 Bxb5 29.c4 Ba6
30.c5 Be5 31.cxd6 gxf5 32.Qg5+ Kh8 33.Rxc8+ Bxc8 34.dxe7 Qd7 35.g3 Bb7 36.Qxf5 Qxe7
37.Bf4 Bxf4 38.Qxf4 Bxe4 39.Qd2 Qe5 40.g4 Kg7 41.Qe3 h6 42.f4 Qa1+ 43.Kf2 Qa2+
44.Kg3 Qg2+ 45.Kh4 Qf3 46.Qd4+ Kh7 47.f5 Bxf5 48.gxf5 Qg2 49.Qf6 Qg5+ 50.Qxg5 hxg5+
51.Kxg5 a4  0-1

[Event "Open"]
[Site "Zagreb CRO"]
[Date "2007.03.25"]
[Round "9"]
[White "Zelcic,R"]
[Black "Bender,I"]
[Result "1-0"]
[WhiteElo "2557"]
[BlackElo "2311"]

1.e4 c5 2.Nf3 d6 3.Bb5+ Bd7 4.Bxd7+ Qxd7 5.O-O Nf6 6.e5 dxe5 7.Nxe5 Qc8 8.Qf3 Nbd7
9.Nc4 e6 10.d3 b5 11.Na5 Nb6 12.Nc3 a6 13.a4 b4 14.Ne4 Nxe4 15.Qxe4 Be7 16.Bf4 O-O
17.Be5 Re8 18.b3 Nd7 19.Bg3 Nf6 20.Qe2 Nd5 21.Rae1 Bf6 22.Nc4 Qc6 23.Ne5 Bxe5
24.Bxe5 f6 25.Bg3 e5 26.Qd2 Re6 27.Re4 Rae8 28.Rfe1 g5 29.f3 Kg7 30.Bf2 Qc8
31.g3 h6 32.Kg2 Kf7 33.h4 Rc6 34.hxg5 hxg5 35.Rh1 Rh8 36.Rxh8 Qxh8 37.Rc4 Qc8
38.Qe1 Nb6 39.Re4 Rd6 40.Qh1 Kg6 41.a5 Nd7 42.Qh3 Qg8 43.f4 Qe6 44.Qxe6 Rxe6
45.fxe5 f5 46.Rc4 Rxe5 47.g4 fxg4 48.Rxg4 Nf8 49.d4 cxd4 50.Rxd4 Rxa5 51.Rxb4 Ne6
52.Be3 Kf5 53.Kf3 Ra1 54.Rb8 Re1 55.Rg8 g4+ 56.Kf2 Rh1 57.Ke2 Rh3 58.c4 Nf4+
59.Kd2 Ng2 60.Bg1 Rxb3 61.c5 Nh4 62.c6 Nf3+ 63.Kc2 Rb4 64.Kc3 Rb1 65.Be3 Re1
66.Re8 Ne5 67.c7 Rxe3+ 68.Kc2 Re4 69.c8=Q+  1-0

[Event "Vladimir Zak mem"]
[Site "St Petersburg RUS"]
[Date "2007.03.30"]
[Round "7"]
[White "Kurilov,Vi"]
[Black "Krylov,K"]
[Result "1/2-1/2"]
[WhiteElo "2316"]
[BlackElo "2215"]

1.e4 c5 2.Nf3 d6 3.Bb5+ Nc6 4.O-O Bg4 5.h3 Bh5 6.c3 Qb6 7.Na3 a6 8.Be2 Nf6
9.d3 e6 10.Nc4 Qd8 11.Re1 Be7 12.Ne3 Qc7 13.Bd2 Rd8 14.Nh2 Bxe2 15.Qxe2 d5
16.Neg4 dxe4 17.Nxf6+ Bxf6 18.dxe4 Be5 19.Nf3 Bf4 20.Bxf4 Qxf4 21.Qc4 Ne5
22.Nxe5 Qxe5 23.Qa4+ Ke7 24.Rad1 Rhe8 25.Qa5 Rxd1 26.Rxd1 Rc8 27.f3 g5 28.Qb6 Qc7
29.Qxc7+ Rxc7 30.Kf2 h5 31.Kg3 Kf6 32.h4 gxh4+ 33.Kxh4 Rc8 34.Kxh5 Rg8 35.Rd2 Ke5
36.Rd7 Rxg2 37.Rxb7 f5 38.exf5 exf5 39.Rc7 Kf4 40.Rxc5 Rxb2 41.Kg6 Rb6+ 42.Kf7 Kxf3
43.Rxf5+ Ke4 44.Rc5 Kd3 45.Ke7 Rb5 46.Kd6 Rxc5 47.Kxc5 Kxc3 48.a4 a5 49.Kb5 Kd4  1/2-1/2

[Event "Bundesliga 2006-7"]
[Site "Eppingen GER"]
[Date "2007.04.01"]
[Round "15"]
[White "Wall,G"]
[Black "Gross,Dav GER"]
[Result "0-1"]
[WhiteElo "2326"]
[BlackElo "2478"]

1.e4 c5 2.Nf3 d6 3.Bb5+ Nd7 4.d4 Nf6 5.Nc3 a6 6.Bxd7+ Nxd7 7.O-O e6 8.d5 e5
9.a4 Be7 10.Nd2 O-O 11.Nc4 Nb6 12.Na3 Bd7 13.a5 Nc8 14.Nc4 Bb5 15.Qd3 Bxc4
16.Qxc4 Bg5 17.b4 Bxc1 18.Rfxc1 b5 19.axb6 Nxb6 20.Qb3 cxb4 21.Qxb4 Qc7 22.Nd1 Nc4
23.Ra4 Rfc8 24.Nb2 Nb6 25.Ra3 Rab8 26.Qd2 Nxd5 27.exd5 Rxb2 28.Rxa6 Qc5 29.g3 g6
30.Ra5 Qc4 31.Ra3 Kg7 32.h4 h5 33.Qd1 Rc5 34.Rd3 Rxc2 35.Rxc2 Qxc2 36.Qf3 Rb5
37.Kg2 Rb1 38.Qe3 Qc1 39.Qxc1 Rxc1 40.f3 Rc2+ 41.Kh3 f5 42.g4 hxg4+ 43.fxg4 e4
44.Ra3 Kf6 45.Ra8 Ke5 46.Rg8 f4 47.Rxg6 e3  0-1

[Event "Spring Open"]
[Site "Belgrade SRB"]
[Date "2007.04.02"]
[Round "8"]
[White "Starcevic,G"]
[Black "Irizanin,R"]
[Result "0-1"]
[WhiteElo "2231"]
[BlackElo "2319"]

1.e4 c5 2.Nf3 d6 3.Bb5+ Bd7 4.Bxd7+ Qxd7 5.O-O Nf6 6.Qe2 Nc6 7.c3 e6 8.Rd1 Rc8
9.d3 Be7 10.Nbd2 O-O 11.Nf1 d5 12.Ng3 Qc7 13.e5 Nd7 14.Bf4 b5 15.Re1 b4 16.h3 bxc3
17.bxc3 Rfd8 18.h4 Bf8 19.Ng5 h6 20.Nh3 Rb8 21.Nh5 Kh7 22.Rad1 Qa5 23.Rc1 Rb7
24.g4 g6 25.g5 Be7 26.Nf6+ Bxf6 27.gxf6 Rdb8 28.Qe3 d4 29.Qe4 Qc7 30.c4 Nb4
31.a3 Na2 32.Ng5+ hxg5 33.hxg5 Rh8 34.Rb1 Rxb1 35.Rxb1 Nb6 36.Kg2 Nc3 37.Rh1+ Kg8
38.Rxh8+ Kxh8 39.Qf3 Qc8 40.Kf1 Kg8 41.Qh1 Nd7 42.Qh6 Qf8 43.a4  0-1

[Event "Spring Open"]
[Site "Belgrade SRB"]
[Date "2007.04.02"]
[Round "8"]
[White "Karadarevic,S"]
[Black "Damjanovic,B"]
[Result "0-1"]
[WhiteElo "1817"]
[BlackElo "2066"]

1.e4 c5 2.Nf3 d6 3.Bb5+ Nd7 4.e5 a6 5.Bxd7+ Bxd7 6.d4 e6 7.Bg5 Qb6 8.b3 cxd4
9.O-O dxe5 10.Nxe5 Bd6 11.Nxd7 Kxd7 12.Nd2 f6 13.Bh4 Ne7 14.Nc4 Qc5 15.f4 b5
16.Nd2 d3+ 17.Bf2 Qxc2 18.Ne4 f5 19.Nxd6 Qxd1 20.Raxd1 Kxd6 21.Rxd3+ Nd5
22.Bd4 Rhg8 23.Be5+ Kd7 24.g4 Raf8 25.Rc1 Rc8 26.Rxc8 Rxc8 27.gxf5 Ke7 28.Kf2 Rc2+
29.Kg3 g6 30.fxg6 hxg6 31.a3 Ra2 32.Bd4 Kf7 33.Be5  0-1

[Event "8th ch-Euro"]
[Site "Dresden GER"]
[Date "2007.04.03"]
[Round "1"]
[White "Sondermann,J"]
[Black "Evdokimov,Alexa"]
[Result "1-0"]
[WhiteElo "2154"]
[BlackElo "2531"]

1.e4 c5 2.Nf3 d6 3.Bb5+ Bd7 4.Bxd7+ Qxd7 5.O-O Nc6 6.c4 g6 7.d4 cxd4 8.Nxd4 Bg7
9.Be3 Nf6 10.f3 O-O 11.Nc3 Rac8 12.b3 e6 13.Qd2 Rfd8 14.Rfd1 Qe7 15.Rac1 a6
16.Na4 Nxd4 17.Bxd4 Rc6 18.b4 b5 19.cxb5 Rxc1 20.Rxc1 axb5 21.Nb6 Qb7 22.a4 bxa4
23.Nxa4 Qb5 24.Nb6 Rb8 25.Rc8+ Rxc8 26.Nxc8 Ne8 27.Bxg7 Kxg7 28.Qd4+ Kg8
29.Nxd6 Qd7 30.Nf5 Qb5 31.Ne3 h5 32.Kf2 Qb8 33.g3 Nd6 34.e5 Nb5 35.Qc5 Qb7
36.Nc4 Qa6 37.Na5 Kg7 38.Qc6 Qa7+ 39.Qc5 Qd7 40.Nc4 Nc3 41.Nd6 Nd5 42.b5 h4
43.Qd4 hxg3+ 44.hxg3 Kf8 45.Qc5 Kg7 46.b6 Qa4 47.b7 Qa2+ 48.Kg1 Qb1+ 49.Kg2 Qb2+
50.Qf2 Qb1 51.f4 Qb3 52.Kh3 Qb1 53.Kh2 Qb3 54.g4 f6 55.Qa7 Qc2+ 56.Kh1 Qb1+
57.Qg1 Qb3 58.exf6+ Nxf6 59.Kh2 Qb4 60.Qd1 Qxf4+ 61.Kh3 Qb4 62.g5 Nd5 63.Qa1+ Kh7
64.Qe5 Qb3+ 65.Kh2 Qc2+ 66.Kg1 Qb1+ 67.Kf2 Qc2+ 68.Kf3 Qd1+ 69.Kg2 Qc2+ 70.Kf1 Qd1+
71.Kg2 Qc2+ 72.Kh3 Qb3+ 73.Qg3 Qb1 74.Qf3 Nf4+ 75.Qxf4 Qh1+ 76.Kg3 Qg1+ 77.Kf3 Qf1+
78.Ke4 Qe2+ 79.Kd4 e5+ 80.Qxe5 Qb2+ 81.Kd5 Qb3+ 82.Kc6 Qc2+ 83.Kd7 Qa4+ 84.Ke7 Qa2
85.Kf6 Qf2+ 86.Nf5 Qb6+ 87.Nd6 Qf2+ 88.Ke6 Qa2+ 89.Qd5  1-0

[Event "1st Alexandr Buslaev Mem"]
[Site "Tbilisi GEO"]
[Date "2007.04.03"]
[Round "2"]
[White "Mikadze,M"]
[Black "Kashashvili,A"]
[Result "1/2-1/2"]
[WhiteElo "2260"]
[BlackElo "2306"]

1.e4 c5 2.Nf3 d6 3.Bb5+ Nc6 4.c3 Nf6 5.Qe2 g6 6.O-O Bg7 7.d4 cxd4 8.cxd4 O-O
9.Nc3 Bg4 10.Be3 a6 11.Bxc6 bxc6 12.h3 Bd7 13.Rac1 h6 14.Rfd1 Nh5 15.Nh2 Kh7
16.e5 f5 17.f4 Qe8 18.Nf3  1/2-1/2

[Event "ch-Catalonia"]
[Site "Barcelona ESP"]
[Date "2007.04.04"]
[Round "4"]
[White "Quiles Olive,M"]
[Black "Padros Martinez,A"]
[Result "1-0"]
[WhiteElo "1946"]
[BlackElo "1861"]

1.e4 c5 2.Nf3 d6 3.Bb5+ Nc6 4.O-O Bd7 5.Re1 e5 6.c3 a6 7.Ba4 b5 8.Bc2 Qb6
9.d4 Bg4 10.d5 Nb8 11.h3 Bh5 12.a4 Ra7 13.Be3 Nd7 14.b4 Ngf6 15.Nbd2 Be7
16.Qe2 O-O 17.axb5 axb5 18.Rxa7 Qxa7 19.Qxb5 Bxf3 20.Nxf3 Qa2 21.Qa4 Ra8
22.Qxa2 Rxa2 23.Bb1 Rb2 24.bxc5 dxc5 25.Nd2 Nb6 26.f4 Nfd7 27.Bd3 Bd6 28.g3 Kf8
29.Rb1 Rxb1+ 30.Nxb1 Na4 31.Bb5 Ndb6 32.c4 Ke7 33.Kf2 Nb2 34.fxe5 Nd3+ 35.Ke2 Nxe5
36.Nd2 h5 37.Bf4 Kf6 38.Nf3 Nbxc4 39.Bxc4  1-0

[Event "ch-Catalonia"]
[Site "Barcelona ESP"]
[Date "2007.04.04"]
[Round "4"]
[White "Torner Planell,Jos"]
[Black "Lopez Gallego,M"]
[Result "1-0"]
[WhiteElo "2185"]
[BlackElo "1945"]

1.e4 c5 2.Nf3 d6 3.Bb5+ Bd7 4.Bxd7+ Nxd7 5.O-O g6 6.c4 Bg7 7.Nc3 Ngf6 8.d3 O-O
9.h3 a6 10.a4 Ne5 11.Nh2 Nc6 12.Be3 Nd4 13.Ne2 Nc6 14.Nf3 Rb8 15.Nc3 e5 16.Qd2 Nd4
17.Bxd4 cxd4 18.Na2 Nh5 19.Nb4 f5 20.Nd5 fxe4 21.dxe4 Nf4 22.Nxf4 Rxf4 23.Qe2 Bh6
24.g3 Rf7 25.Kg2 Qf6 26.Ne1 Rc8 27.Nd3 Rfc7 28.b3 b5 29.Nb4 Qe6 30.Nxa6 Rb7
31.axb5 Bf8 32.Qg4 Qe8 33.Nb4 Qd7 34.Qxd7 Rxd7 35.Nd5 Kf7 36.Nb6 Rcc7 37.Nxd7 Rxd7
38.b6 Ke6 39.Ra7 Rd8 40.Rfa1 Rb8 41.R1a6 d3 42.Kf1 Bh6 43.Rxh7 Bc1 44.b7 d2
45.Ke2 Rf8 46.f4 exf4 47.gxf4 Rxf4 48.Rxd6+ Kxd6 49.b8=Q+ Kc5 50.Qxf4 d1=Q+
51.Kxd1 Bxf4 52.Ke2 Kb4 53.Rb7+ Kc5 54.Kd3 g5 55.b4+ Kc6 56.Rh7 Be5 57.Rh6+ Kc7
58.c5  1-0

[Event "8th ch-Euro"]
[Site "Dresden GER"]
[Date "2007.04.04"]
[Round "2"]
[White "Kalvaitis,S"]
[Black "Anastasian,A"]
[Result "1-0"]
[WhiteElo "2201"]
[BlackElo "2587"]

1.e4 c5 2.Nf3 d6 3.Bb5+ Nd7 4.O-O a6 5.Bxd7+ Bxd7 6.Re1 Bg4 7.h3 Bh5 8.c3 e6
9.d4 cxd4 10.cxd4 Nf6 11.Nc3 Be7 12.Bg5 O-O 13.g4 Bg6 14.Qb3 b5 15.Nh4 Rb8
16.Nxg6 hxg6 17.a3 Nd7 18.Bf4 Nb6 19.Rad1 Bg5 20.Bg3 Nc4 21.f4 Bh4 22.Ne2 Bxg3
23.Nxg3 Qb6 24.Kg2 Rfc8 25.Re2 b4 26.a4 d5 27.e5 Na5 28.Qd3 Rc4 29.f5 g5
30.Qe3 Qd8 31.Nh5 Nc6 32.Red2 b3 33.f6 g6 34.Qxg5 Rcb4 35.Nf4 Qf8 36.Nxg6 fxg6
37.Qxg6+ Kh8 38.Qh5+ Kg8 39.g5 Nxe5 40.dxe5 Rh4 41.Qg6+ Kh8 42.Rf2 Qg8 43.Qxg8+ Kxg8
44.g6 Rd8 45.f7+ Kg7 46.Rf6 Rh6 47.Rxe6 Rxg6+ 48.Rxg6+ Kxg6 49.Rf1 Kg7 50.e6 Kf8
51.Rf6  1-0

[Event "8th ch-Euro w"]
[Site "Dresden GER"]
[Date "2007.04.04"]
[Round "2"]
[White "Kulovana,E"]
[Black "Dzagnidze,N"]
[Result "0-1"]
[WhiteElo "2261"]
[BlackElo "2463"]

1.e4 c5 2.Nf3 d6 3.Bb5+ Nc6 4.Bxc6+ bxc6 5.O-O Bg4 6.h3 Bh5 7.e5 dxe5 8.g4 Bg6
9.Nxe5 e6 10.Re1 Bd6 11.Na3 Bxe5 12.Rxe5 h5 13.Qf3 hxg4 14.Qxc6+ Kf8 15.hxg4 Rc8
16.Qf3 Qd4 17.Rxe6 Nf6 18.Re2 Be4 19.Rxe4 Nxe4 20.c3 Qe5 21.d3 Nxc3 22.Nc2 Ne2+
23.Kf1 Nxc1 24.Rxc1 Qxb2 25.Re1 Qxc2 26.Qd5 c4 27.d4 Qd3+ 28.Kg1 Qh3  0-1

[Event "9th Open"]
[Site "Foxwoods USA"]
[Date "2007.04.04"]
[Round "1"]
[White "Raghunathan,Y"]
[Black "Robson,R"]
[Result "0-1"]
[WhiteElo "1912"]
[BlackElo "2293"]

1.e4 c5 2.Nf3 d6 3.Bb5+ Bd7 4.Bxd7+ Qxd7 5.O-O Nf6 6.Qe2 Nc6 7.Rd1 e6 8.c4 Be7
9.d4 cxd4 10.Nxd4 O-O 11.b3 Nxd4 12.Rxd4 Qc7 13.Nc3 a6 14.Bb2 Nd7 15.Rad1 Ne5
16.Kh1 Rfd8 17.f4 Nc6 18.R4d3 Bf6 19.Qd2 Nb4 20.Rg3 Kf8 21.Nd5 Nxd5 22.exd5 Bxb2
23.Qxb2 e5 24.fxe5 dxe5 25.c5 f6 26.Rc3 a5 27.a3 e4 28.Rcc1 Qf4 29.Qd4 Qf5
30.d6 Qe6 31.b4 axb4 32.axb4 Ra2 33.Qc4 Kf7 34.b5 e3 35.h3 Qxc4 36.Rxc4 e2
37.Re1 Rd2 38.Rcc1 Ke6 39.Kg1 b6  0-1

[Event "8th ch-Euro"]
[Site "Dresden GER"]
[Date "2007.04.05"]
[Round "3"]
[White "Ovetchkin,R"]
[Black "Tiviakov,S"]
[Result "0-1"]
[WhiteElo "2534"]
[BlackElo "2667"]

1.e4 c5 2.Nf3 d6 3.Bb5+ Nc6 4.Bxc6+ bxc6 5.O-O e5 6.c3 f5 7.exf5 Bxf5 8.d4 cxd4
9.cxd4 e4 10.Qc2 Rc8 11.Ng5 Ne7 12.f3 exf3 13.Qb3 Qb6 14.Qf7+ Kd7 15.Nxf3 Be6
16.Qf4 Nd5 17.Qg3 g5 18.Bxg5 h6 19.Bh4 Ne3 20.Re1 Rg8 21.Ne5+ dxe5 22.Qxe3 Qxb2
23.Nd2 Qxd4 24.Ne4 Qxe3+ 25.Rxe3 Rg6 26.Rc1 Bxa2 27.Rd3+ Bd5 28.Nf6+ Rxf6
29.Bxf6 Ke6 30.Bh4 a5 31.Bf2 a4 32.Bc5 Bxc5+ 33.Rxc5 Rg8 34.g3 Ra8 35.Ra3 Kd6
36.Rcc3 c5 37.Kf2 c4 38.Rc2 Kc5 39.Rb2 Rf8+ 40.Ke2 Bc6 41.g4 Rf4 42.Rg3 Be4
43.Rb8 Bd3+ 44.Ke3 Re4+ 45.Kf3 Re1 46.Rc8+ Kd4 47.Rd8+ Kc3 48.Ra8 Kb3 49.Rh3 c3
50.Rxh6 c2 51.Rb6+ Ka3  0-1

[Event "8th ch-Euro w"]
[Site "Dresden GER"]
[Date "2007.04.05"]
[Round "3"]
[White "Kopinits,A"]
[Black "Dolzhikova,K"]
[Result "1/2-1/2"]
[WhiteElo "2177"]
[BlackElo "2311"]

1.e4 c5 2.Nf3 d6 3.Bb5+ Nc6 4.O-O Bd7 5.Re1 a6 6.Bf1 Nf6 7.c3 e5 8.Bc4 Be7
9.d3 O-O 10.Bb3 b5 11.Nbd2 h6 12.Nf1 Rc8 13.Ng3 Re8 14.Nh4 Na5 15.Nhf5 Bf8
16.Bc2 Kh7 17.Rf1 d5 18.exd5 Bxf5 19.Nxf5 Qxd5 20.d4 e4 21.Ne3 Qd7 22.dxc5 Qxd1
23.Nxd1 Kg8 24.b4 Nc4 25.Be3 Rcd8 26.Bd4 Nd5 27.a3 e3 28.Nxe3 Ndxe3 29.fxe3 Nxe3
30.Bxe3 Rxe3 31.Rf3 Rxf3 32.gxf3 Rd2 33.Be4 Be7 34.Bb7 a5 35.Re1 Kf8 36.c6 Bd8
37.Ba6 Rd5 38.c4 bxc4 39.Bxc4 Rd4 40.Rc1 axb4 41.axb4 Bb6 42.Kf1 Ke7 43.b5 f6
44.Be2 Kd6 45.Ra1 Kc7 46.Ra8 Rd8 47.Ra4 Rd4 48.Ra8 Rd8 49.Ra3 Rd5 50.h3 g5
51.Re3 Rd1+ 52.Bxd1 Bxe3 53.Ke2 Bf4 54.Bb3  1/2-1/2

[Event "8th ch-Euro"]
[Site "Dresden GER"]
[Date "2007.04.05"]
[Round "3"]
[White "Becker,Mi1"]
[Black "Zelbel,P"]
[Result "1-0"]
[WhiteElo "2313"]
[BlackElo "2123"]

1.e4 c5 2.Nf3 d6 3.Bb5+ Nc6 4.O-O Bd7 5.Re1 Nf6 6.c3 a6 7.Bf1 Bg4 8.h3 Bxf3
9.Qxf3 g6 10.d3 Bg7 11.Bg5 O-O 12.Nd2 b5 13.g4 Nd7 14.a3 Rb8 15.Qe3 b4 16.axb4 cxb4
17.d4 a5 18.e5 Qc7 19.e6 Nb6 20.Bg2 f6 21.Bf4 f5 22.g5 a4 23.Rac1 b3 24.Qd3 Rfc8
25.Ra1 Na5 26.Re2 Qa7 27.Qb5 a3 28.Rxa3 Nbc4 29.Qd7 Rc7 30.Nxc4 Rxd7 31.exd7 Qxd7
32.Rxa5 Re8 33.Nxd6 Qc7 34.Rc5  1-0

[Event "XXXIV Open"]
[Site "La Roda ESP"]
[Date "2007.04.05"]
[Round "2"]
[White "Espinosa Aranda,A"]
[Black "Castellanos,R"]
[Result "1/2-1/2"]
[WhiteElo "2161"]
[BlackElo "2471"]

1.e4 c5 2.Nf3 d6 3.Bb5+ Nd7 4.O-O a6 5.Bxd7+ Bxd7 6.d4 e6 7.Nc3 Qc7 8.Re1 Ne7
9.d5 Ng6 10.h4 Be7 11.h5 Ne5 12.Nxe5 dxe5 13.dxe6 fxe6 14.Qg4 Bf6 15.Be3 O-O
16.Rad1 Rad8 17.Rd2 Bc8 18.Red1 Rd4 19.Ne2 Qc6 20.f3 Rxd2  1/2-1/2

[Event "30th Open"]
[Site "San Sebastian ESP"]
[Date "2007.04.05"]
[Round "5"]
[White "Angulo Martinez,J"]
[Black "Argandona Rivero,I"]
[Result "1/2-1/2"]
[WhiteElo "2165"]
[BlackElo "2400"]

1.e4 c5 2.Nf3 d6 3.Bb5+ Nd7 4.d4 Nf6 5.Nc3 a6 6.Bxd7+ Nxd7 7.dxc5 Nxc5 8.e5 e6
9.exd6 Qxd6 10.O-O b5 11.Qe2 Bb7 12.Rd1 Qc6 13.Bf4 Be7 14.a3 Ne4 15.Nxe4 Qxe4
16.Qxe4 Bxe4 17.Rd2 Rd8 18.Rxd8+ Bxd8 19.c3 O-O 20.a4 Bb6 21.axb5 axb5 22.Ra6 Ra8
23.Rxa8+ Bxa8 24.Bd6 Bxf3 25.gxf3 f6 26.b3 Kf7 27.c4 bxc4 28.bxc4 e5 29.f4 exf4
30.Bxf4 Ke6 31.Kg2 g5 32.Bg3 Kf5 33.f3 h5 34.h3 Bd4 35.Bc7 Ke6 36.Bd8 Kd6
37.Bxf6 Bxf6 38.h4 g4 39.fxg4 hxg4 40.Kg3 Bxh4+  1/2-1/2

[Event "II Rapid"]
[Site "Canada de Calatrava ESP"]
[Date "2007.04.06"]
[Round "1"]
[White "Coleto Calderon,J"]
[Black "Ivanchuk,V"]
[Result "0-1"]
[WhiteElo "2153"]
[BlackElo "2750"]

1.e4 c5 2.Nf3 d6 3.Bb5+ Bd7 4.a4 Nc6 5.O-O a6 6.Bc4 Nf6 7.Re1 e6 8.Nc3 Be7
9.d3 O-O 10.Bg5 h6 11.Bh4 Nh5 12.Bxe7 Qxe7 13.Qd2 Nf6 14.d4 cxd4 15.Nxd4 Rac8
16.Bb3 Na5 17.Rad1 Rfd8 18.Kh1 Nc4 19.Bxc4 Rxc4 20.Qd3 Rdc8 21.Rd2 Bxa4 22.Nxa4 Rxa4
23.b3 Ra2 24.h3 Qc7 25.c4 Qa5 26.Red1 Rxd2 27.Rxd2 Nxe4 28.Re2 Nf6 29.Qf3 Qa1+  0-1

[Event "8th ch-Euro"]
[Site "Dresden GER"]
[Date "2007.04.06"]
[Round "4"]
[White "Cornette,M"]
[Black "Babula,V"]
[Result "1/2-1/2"]
[WhiteElo "2482"]
[BlackElo "2584"]

1.e4 c5 2.Nf3 d6 3.Bb5+ Nd7 4.O-O a6 5.Bxd7+ Bxd7 6.d4 cxd4 7.Qxd4 Bg4 8.Qd3 Nf6
9.Bg5 e6 10.Nd4 Be7 11.Nc3 h6 12.Bh4 O-O 13.h3 Bh5 14.f4 Bg6 15.f5 Bh7 16.Rad1 d5
17.e5 Nd7 18.Bxe7 Qxe7 19.Qg3 exf5 20.Nxf5 Qxe5 21.Nxh6+ Kh8 22.Qxe5 Nxe5
23.Rxd5 f6 24.Nf5 b5 25.a4 b4 26.Ne4 Rac8 27.c3 bxc3 28.Nxc3 Rb8 29.Rd6 Rxb2
30.Rxa6 Bxf5 31.Rxf5 Rc8 32.Nd5 Rcc2 33.Ra8+ Kh7 34.Rh5+ Kg6 35.Nf4+ Kf7
36.Kh2 g6 37.Ra7+ Kg8 38.Ra8+ Kf7 39.Ra7+  1/2-1/2